000 00549nam a2200169Ia 4500
008 240729s9999 xx 000 0 und d
022 _a1944-3676
245 4 _aThe Baltic International Yearbook of Cognition, Logic and Communication
260 _aUnited States
260 _bNew Prairie Press
650 _a Philosophy (General)
650 _a Psychology | Philosophy. Psychology. Religion
650 _aPhilosophy. Psychology. Religion
856 _uhttps://doaj.org/toc/1652b1711191457ea8125fae7bafd5f3
942 _2ddc
942 _cDOAJEJ
999 _c71030
_d71030
945 _a1
_bMadushi Gamage
_c1
_dMadushi Gamage